| 000 | 00756nam a2200229Ia 4500 | ||
|---|---|---|---|
| 001 | 9693 | ||
| 003 | GE_BSU | ||
| 008 | 181216s||||||||xx |||||||||||||| ||und|| | ||
| 040 | _cGE_BSU | ||
| 080 | _a821.353.1–31 | ||
| 100 | _aნატროშვილი,გიორგი | ||
| 245 | _aდასავლეთის ფრონტზე | ||
| 245 | _bფურცლები დღიურიდან | ||
| 245 | _cრედ.რ.გვეტაძე | ||
| 260 | _aთბილისი | ||
| 260 | _bსაბჭ.მწერალი | ||
| 260 | _c1943 | ||
| 300 | _a70გვ.17სმ. | ||
| 653 | _aდასავლეთის ფრონტზე | ||
| 653 | _aფურცლები დღიურიდან | ||
| 942 | _cBK | ||
| 999 |
_c42976 _d42976 |
||